Reglamento del personal del Instituto Nacional de Previsión (Record no. 124965)

MARC details
000 -LEADER
campo de control de longitud fija 00735nam a2200181 i 4500
001 - NÚMERO DE CONTROL
campo de control 124965
003 - IDENTIFICADOR DE NÚMERO DE CONTROL
campo de control ES-MaACL
005 - FECHA Y HORA DE LA ÚLTIMA TRANSACCIÓN
campo de control 20230906192528.0
007 - CAMPO FIJO DE DESCRIPCIÓN FÍSICA--INFORMACIÓN GENERAL
campo de control de longitud fija t|
008 - DATOS DE LONGITUD FIJA--INFORMACIÓN GENERAL
campo de control de longitud fija 070425s1941 sp ||||1| spa d
245 00 - MENCIÓN DEL TÍTULO
Título Reglamento del personal del Instituto Nacional de Previsión
Resto del título : aprobado por el Consejo del I. N. de P. en sesión de 12 de junio de 1940.
260 ## - PUBLICACIÓN, DISTRIBUCIÓN, ETC.
Lugar de publicación, distribución, etc. Madrid :
Nombre del editor, distribuidor, etc. [s.n.],
Fecha de publicación, distribución, etc. 1941 (
Fabricante Imprenta y Encuadernación de los Sobrinos de la Sucesora de M. Minuesa de los Ríos)
300 ## - DESCRIPCIÓN FÍSICA
Extensión 36 p. ;
Dimensiones 21 cm.
490 1# - MENCIÓN DE SERIE
Mención de serie Publicaciones del Instituto Nacional de Previsión ;
Designación de volumen o secuencia 524
830 0# - PUNTO DE ACCESO ADICIONAL DE SERIE-TÍTULO UNIFORME
Título uniforme Publicaciones del Instituto Nacional de Previsión ;
Designación de volumen o secuencia 524
9 (RLIN) 181151
852 ## - LOCALIZACIÓN
Ubicación ES-MaACL
Número de control de estantería C-12631(9)
Holdings
Estatus retirado Estado de pérdida Estado de daño No para préstamo Biblioteca de origen Biblioteca actual Ubicación en estantería Fecha de adquisición Fuente de adquisición Total de préstamos Signatura topográfica completa Código de barras Visto por última vez Precio de reemplazo Tipo de ítem Koha
        Biblioteca del Ateneo de Madrid Biblioteca del Ateneo de Madrid Sala Palomar 17/01/2008     C-12631(9) 1130196 23/02/2023 23/02/2023 Libro impreso